000
00269nam a2200109Ia 4500
008
201231s9999 xx 000 0 und d
100
_a
Hayes, John P.
245
0
_a
Computer Architecture and Organization
260
_a
Boston
_b
McGraw-Hill
300
_a
604
942
_c
BK
999
_c
10291
_d
10291